000
00335 a2200145 4500
001
75676
040
_c
Anchieta - Colégio São Paulo
100
_a
Guimarães, Humberto
240
1
0
_a
Moto de brinquedo
_l
245
1
0
_a
Moto de brinquedo
300
_a
11 p.
362
0
_a
1985
650
4
_a
Literatura infanto-juvenil
942
_c
BK
999
_c
75676
_d
75676